Клеточная стенка древесины и ее изменения при химическом воздействии

Bibliografiske detaljer
Institution som forfatter: Академия наук Латвийской ССР (АН ЛатССР) Институт химии древесины
Andre forfattere: Сергеева В. Н. (редактор)
Sprog:russisk
Udgivet: Рига, Зинатне, 1972
Fag:
Format: MixedMaterials Bog
KOHA link:https://koha.lib.tpu.ru/cgi-bin/koha/opac-detail.pl?biblionumber=372993

MARC

LEADER 00000nam0a2200000 4500
001 372993
005 20231101050533.0
035 |a (RuTPU)RU\TPU\retro\30418 
035 |a RU\TPU\book\223391 
090 |a 372993 
100 |a 20221215d1972 k y0rusy50 ca 
101 0 |a rus 
102 |a LV 
105 |a a z 001zy 
200 1 |a Клеточная стенка древесины и ее изменения при химическом воздействии  |f Академия наук Латвийской ССР (АН ЛатССР), Институт химии древесины ; под ред. В. Н. Сергеева 
210 |a Рига  |c Зинатне  |d 1972 
215 |a 510 с.  |c ил. 
320 |a Библиогр. в конце гл. 
320 |a Предметный указатель: с. 501-507. 
610 1 |a древесина 
610 1 |a клеточная стенка 
610 1 |a изменения 
610 1 |a химическое воздействие 
610 1 |a образование 
610 1 |a строение 
610 1 |a сорбция 
675 |a 674.03  |v 3 
702 1 |a Сергеева  |b В. Н.  |4 340 
712 0 2 |a Академия наук Латвийской ССР (АН ЛатССР)  |b Институт химии древесины  |2 stltpush  |3 (RuTPU)RU\TPU\col\10627 
801 1 |a RU  |b 63413507  |c 20111205 
801 2 |a RU  |b 63413507  |c 20221215  |g RCR 
942 |c BK